000 00458nam a2200169 4500
001 132150
003 ES-MaACL
005 20230906194120.0
007 t|
008 070214s1953 sp r ||||1| spa d
080 _a821.134.2-14"19"
100 1 _aRodríguez-Spiteri, Carlos.
_998834
245 1 0 _aMálaga /
_cCarlos Rodríguez-Spiteri.
260 _aMadrid :
_bRevista de Occidente,
_c1953.
300 _a96 p. ;
_c23 cm.
852 _aES-MaACL
_j1970-F-2
999 _c132150
_d132150